00780nam a22002171a 450000100060000000300080000600500170001400800410003103500190007204000270009104100080011808200180012610000320014424500670017626000360024330000470027950000580032650000860038450400480047065000440051824217BD-RjUL20211209001025.0990705r19711971enkabf 001 0 eng d a(BD-RjUL)24283 aDLCbengcDLCdBD-RjUL aeng04a942bMIF 19841 aMiddlebrook, Martin,d1932-14aThe first day on the Somme, 1 July 1916 /cMartin Middlebrook. aLondon :bPenguin books,c1984. axx, 365 p. :bill., plates, maps ;c23 cm. aOriginally published by Allen Lane The Penguin Press. aReprint. This edition published by arrangement with Allen Lane the Penguin Press. aIncludes bibliography (p. [356]) and index. 0aSomme, 1st Battle of the, France, 1916.